Identifie la chanteuse représentée en photographie - Statistiques

Statistiques générales
  • Ce quiz a été pris 77 fois
  • Le résultat moyen est 15 sur 24
Statistiques - réponses
Par images Réponse % Correct
Céline Dion
94%
Edith Piaf
94%
Louane
94%
Lara Fabian
87%
Dalida
86%
Vanessa Paradis
86%
France Gall
77%
Nolwenn Leroy
77%
Brigitte Bardot
73%
Mireille Mathieu
70%
Patricia Kaas
70%
Chantal Goya
69%
Larusso
63%
Liane Foly
59%
Sheila
55%
Françoise Hardy
51%
Nicoletta
49%
Chimène Badi
45%
Sylvie Vartan
45%
Julie Pietri
41%
Marie Laforêt
39%
Karen Cheryl
31%
Isabelle Aubret
18%
Rose Laurens
17%
Aucun quiz correspondant
Distribution des résultats
% des personnes avec chaque résultat
Percentile par nombre de réponses
Votre historique - résultats
Vous n’avez pas pris ce quiz